000 00862naa a2200241 4500
001 45476
003 ES-MaCES
005 20141121130417.0
008 000000s2014 fr ||||| t||||||| ||fre d
040 _aES-MaCES
_bspa
_cES-MaCES
100 1 _921567
_aQuinet, Émile
245 1 2 _aL´évaluation des investissements publics
_cPar Émile Quinet
500 _aResumen
650 4 _928148
_ainversiones públicas
650 4 _928076
_agasto público
650 4 _930730
_aevaluación del programa
650 4 _928153
_arentabilidad de la inversión
650 4 _926943
_aFrancia
653 1 0 _aHacienda Pública
773 0 _981898
_dParis (Rue de Varenne, 55, 75341, Cedex 07) Futuribles
_o084803
_tFuturibles
_w(ES-MaCES)25335
_gnº 401 (juil.-août 2014) {10324 R. 084803} ;p. 77-88
902 _aART Artículo de revista
942 _2CES
_cAR
_h0.1.
999 _c45476
_d45476